000 00968cam a2200205 4500
008 040427n2004 000 0 eng u
020 _a0110908937
035 _a(Sirsi) u126024
041 _aeng
245 4 _aThe Leasehold Valuation Tribunals (Fees) (Revocation and Saving) (Wales) Order 2004
260 _aLondon
_bHMSO
_c2004
490 _aSI
_v2004: 680
520 _aCame into force 31 March 2004. Prescribes fees payable for proceedings before a Leasehold Valuation Tribunal. Revokes Leasehold Valuation Tribunals (Fees) Order 1997. View at www.legislation.hmso.gov.uk.
650 _aLEASEHOLD VALUATION TRIBUNAL (FEES) (REVOCATION AND SAVING) (WALES) ORDER 2004
650 _aLEASEHOLD VALUATION TRIBUNALS
650 _aLEASEHOLD VALUATION TRIBUNAL FEES
690 _aLANDLORD AND TENANT-LEASEHOLD REFORM
856 _uhttps://www.legislation.gov.uk/wsi/2004/680/contents/made
_zView the Order free of charge at www.legislation.gov.uk
942 _n0
999 _c103551
_d103551